أصول استراتيجيات التعلم والتعليم : (رقم التسجيلة. 81676)
[ عرض عادي ]
| 000 -الفاتح | |
|---|---|
| حقل البيانات ثابتة الطول | 01398nam a2200301 4500 |
| 003 - محدد رقم الضبط | |
| رقم الضبط | OSt |
| 005 - وقت وتاريخ اخر تعامل مع التسجيلة | |
| رقم الضبط | 20220823144802.0 |
| 008 - عناصر البيانات ثابتة الطول - معلومات عامة | |
| حقل البيانات ثابتة الطول | 090627s2014 jo g 000 0 ara c |
| 020 ## - الرقم الدولى المعيارى للكتب | |
| الرقم الدولى المعيارى للكتاب | 9789957164010 |
| 040 ## - مصدر الفهرسة | |
| وكالة الفهرسة الأصلية | Ma-Un |
| وكالة النسخ | Ma-Un |
| 082 04 - رقم تصنيف ديوى العشرى | |
| رقم التصنيف | 370.1523 |
| رقم المادة | ر ح أ |
| رقم الطبعة | 21 |
| 100 1# - المدخل الرئيسى - إسم شخصى | |
| الإسم الشخصى | أبو رياش، حسين محمد |
| 245 10 - بيان العنوان | |
| العنوان | أصول استراتيجيات التعلم والتعليم : |
| بقية العنوان | النظرية والتطبيق = Principles of learning and teaching strategies principles : Theory and practice / |
| بيان المسئوليه,etc | حسين محمد أبو رياش، سليم محمد شريف، عبد الحكيم الصافي. |
| 246 30 - العنوان الموازى | |
| عنوان صحيح/عنوان مختصر | أصول استراتيجيات التعلم والتعليم |
| 246 31 - العنوان الموازى | |
| عنوان صحيح/عنوان مختصر | Principles of learning and teaching strategies principles : |
| بقية العنوان | Theory and practice |
| 250 ## - بيان الطبعة | |
| بيان الطبعة | ط. 2. |
| 264 ## - النشر, التوزيع, ETC. (IMPRINT) | |
| مكان الناشر او الموزع RDA | عمان، الأردن : |
| اسم الناشر او الموزع RDA | دار الثقافة للنشر والتوزيع، |
| تاريخ النشر أو التوزيع | 2014 |
| تاريخ النشر هجري | 1435. |
| 300 ## - الوصف المادى | |
| التعداد | 416 ص. : |
| تفاصيل ماديه اخرى للوعاء | إيض. ؛ |
| أبعاد الوعاء | 24 سم. |
| 504 ## - تبصرة ببليوجرافية | |
| تبصرة ببليوجرافية,الخ | يشتمل على قائمة ببليوجرافية. |
| 650 #7 - المدخل الاضافى بالموضوع-مصطلح موضوعى | |
| مصطلح موضوعي أو اسم جغرافي كعنصر مدخل | التعلم |
| 650 #7 - المدخل الاضافى بالموضوع-مصطلح موضوعى | |
| مصطلح موضوعي أو اسم جغرافي كعنصر مدخل | التعليم |
| 650 #7 - المدخل الاضافى بالموضوع-مصطلح موضوعى | |
| مصطلح موضوعي أو اسم جغرافي كعنصر مدخل | طرق التدريس |
| 650 #7 - المدخل الاضافى بالموضوع-مصطلح موضوعى | |
| مصطلح موضوعي أو اسم جغرافي كعنصر مدخل | علم النفس التربوي |
| 700 1# - المدخل الاضافى - اسم شخصى | |
| الإسم الشخصى | شريف، سليم محمد، |
| الدور | م. مشارك. |
| 700 1# - المدخل الاضافى - اسم شخصى | |
| الإسم الشخصى | الصافي، عبد الحكيم، |
| الدور | م. مشارك. |
| 952 ## - LOCATION AND ITEM INFORMATION (KOHA) | |
| نوع المادة فى نظام كوها | كتاب |
| 952 ## - LOCATION AND ITEM INFORMATION (KOHA) | |
| نوع المادة فى نظام كوها | كتاب |
| 952 ## - LOCATION AND ITEM INFORMATION (KOHA) | |
| نوع المادة فى نظام كوها | كتاب |
| 952 ## - LOCATION AND ITEM INFORMATION (KOHA) | |
| نوع المادة فى نظام كوها | كتاب |
| 952 ## - LOCATION AND ITEM INFORMATION (KOHA) | |
| نوع المادة فى نظام كوها | كتاب |
| 952 ## - LOCATION AND ITEM INFORMATION (KOHA) | |
| نوع المادة فى نظام كوها | كتاب |
| 952 ## - LOCATION AND ITEM INFORMATION (KOHA) | |
| نوع المادة فى نظام كوها | كتاب |
| 535 2# - تبصرة موقع الأصول / النسخ | |
| المالك | 3 |
| 942 ## - | |
| -- | ddc |
| -- | BOOK |
| حالة الفقد | نموذج السعر الفعال | حالة تلف | ليس للاعارة | تاريخ الاكتساب | رقم الطلب | تاريخ الاكتساب | الموقع الحالي | الباركود | الفرع الرئيسي | Date last seen | مصدر التصنيف او خطة الترفيف | Total Checkouts |
|---|---|---|---|---|---|---|---|---|---|---|---|---|
| 2022-08-23 | Not For Loan | 2022-08-23 | 370.1523 ر ح أ | 2022-08-23 | CL | 00188498 | المكتبة المركزية بالمجمعة (CL) | 2022-08-23 | Dewey Decimal Classification | |||
| 2022-08-23 | 2022-08-23 | 370.1523 ر ح أ | 2022-08-23 | CL | 00188499 | المكتبة المركزية بالمجمعة (CL) | 2022-08-23 | Dewey Decimal Classification | ||||
| 2022-08-23 | 2022-08-23 | 370.1523 ر ح أ | 2022-08-23 | CL | 00188500 | المكتبة المركزية بالمجمعة (CL) | 2022-08-23 | Dewey Decimal Classification | ||||
| 2022-08-23 | Not For Loan | 2022-08-23 | 370.1523 ر ح أ | 2022-08-23 | EMF | 00188503 | مكتبة مجمع الطالبات بالمجمعة (EMF) | 2022-08-23 | Dewey Decimal Classification | |||
| 2022-08-23 | 2022-08-23 | 370.1523 ر ح أ | 2022-08-23 | EMF | 00188504 | مكتبة مجمع الطالبات بالمجمعة (EMF) | 2022-08-23 | Dewey Decimal Classification | ||||
| 2022-08-23 | Not For Loan | 2022-08-23 | 370.1523 ر ح أ | 2022-08-23 | EZF | 00188501 | مكتبة كلية التربية بالزلفى - طالبات (EZF) | 2022-08-23 | Dewey Decimal Classification | |||
| 2022-08-23 | 2022-08-23 | 370.1523 ر ح أ | 2022-08-23 | EZF | 00188502 | مكتبة كلية التربية بالزلفى - طالبات (EZF) | 2022-08-23 | Dewey Decimal Classification |
